[Event "IND-ch U15 Girls 38th"]
[Site "New Delhi"]
[Date "2022.12.03"]
[Round "9"]
[White "Kashthuri Bhai, R."]
[Black "Shubhi, Gupta"]
[Result "0-1"]
[WhiteElo "1600"]
[BlackElo "1815"]
[PlyCount "108"]
[EventDate "2022.11.28"]
[EventType "swiss"]
[EventRounds "11"]
[EventCountry "IND"]
[SourceTitle "CBM 211 Extra"]
[Source "ChessBase"]
[SourceDate "2023.01.31"]
[SourceVersion "1"]
[SourceVersionDate "2023.01.31"]
[SourceQuality "1"]

1. e4 e5 2. Nf3 Nc6 3. Bc4 Bc5 4. Nc3 Nf6 5. d3 d6 6. Be3 Bb6 7. h3 Be6 8. Bb3 Ne7 9. d4 Ng6 10. Qd3 Qe7 11. d5 Bd7 12. Ne2 c6 13. Rd1 Nf4 14. Nxf4 exf4 15. Bxb6 axb6 16. 0-0 c5 17. e5 dxe5 18. Nxe5 0-0 19. Rfe1 Qd8 20. c4 g6 21. Qf3 g5 22. Qd3 Re8 23. Re2 Qc8 24. Nxd7 Qxd7 25. Rde1 Kg7 26. Re5 h6 27. Qc2 f3 28. Qc3 fxg2 29. Bc2 Rxe5 30. Rxe5 Rxa2 31. Bf5 Ra1+ 32. Kxg2 Qd6 33. Re3 Rd1 34. Rf3 Rd4 35. Bg4 Qe5 36. Rf5 Qe4+ 37. Qf3 Nxg4 38. Rxf7+ Kg6 39. hxg4 Qxf3+ 40. Rxf3 Rxg4+ 41. Rg3 Rxc4 42. Rb3 Rb4 43. Rd3 Kf7 44. Rh3 Rxb2 45. Rxh6 c4 46. Rh7+ Ke8 47. Rxb7 b5 48. Kf3 b4 49. Ke4 c3 50. Kd3 Rd2+ 51. Ke3 Rb2 52. Kd3 c2 53. Kd2 b3 54. Rc7 Rb1 0-1